000
00295nam a22001457a 4500
020
_a
9427234186
041
_a
ENG
100
_a
Meriam .J.L
245
_a
Engineening meehanics Vol-2
260
_a
pune
_b
john will
_c
1996
300
_a
522
650
_a
FS
700
_a
Kraige L.G
856
_u
FS
999
_c
272
_d
272